Loading...
| Fine Arts - Auditory Fine Arts | 0 | 3 | 0 | 1 | 30 | 118 | 132.00 | 0 | 2 |
| History - Ancient/Other History | 0 | 3 | 1 | 2 | 25 | 138 | 145.67 | 0 | 3 |
| History - European History | 0 | 2 | 0 | 2 | 20 | 131 | 139.00 | 0 | 2 |
| History - American History | 0 | 2 | 0 | 1 | 20 | 146 | 147.50 | 0 | 0 |
| Religion | 1 | 0 | 0 | 0 | 15 | 61 | 61.00 | 1 | 1 |
| Social Science | 1 | 0 | 1 | 0 | 10 | 56 | 56.00 | 0 | 1 |
| Fine Arts - Other Fine Arts | 0 | 1 | 0 | 0 | 10 | 133 | 133.00 | 0 | 0 |
| Fine Arts - Visual Fine Arts | 0 | 1 | 0 | 0 | 10 | 102 | 102.00 | 0 | 0 |
| History - World History | 0 | 1 | 0 | 1 | 10 | 145 | 145.00 | 0 | 0 |
| Literature - European Literature | 0 | 1 | 0 | 0 | 10 | 151 | 151.00 | 0 | 1 |
| Other Academic | 1 | 0 | 1 | 0 | 10 | 60 | 60.00 | 0 | 0 |
| Literature - British Literature | 0 | 1 | 1 | 1 | 5 | 148 | 148.00 | 0 | 1 |
| Geography | 0 | 1 | 2 | 1 | 0 | 133 | 133.00 | 0 | 0 |
| Literature - American Literature | 0 | 0 | 0 | 0 | 0 | 0.00 | 0 | 0 | |
| Science - Other Science | 0 | 0 | 0 | 0 | 0 | 0.00 | 0 | 0 | |
| Science - Biology | 0 | 0 | 1 | 0 | -5 | 0.00 | 0 | 0 | |
| Science - Chemistry | 0 | 0 | 1 | 0 | -5 | 0.00 | 0 | 0 |